Normal view
MARC view
- technical communication
Entry Topical Term
001 - CONTROL NUMBER
- control field: 100299
003 - CONTROL NUMBER IDENTIFIER
- control field: NUST
005 - DATE AND TIME OF LATEST TRANSACTION
- control field: 20221014111317.0
008 - FIXED-LENGTH DATA ELEMENTS
- fixed length control field: 221014|| aca||aabn | a|a d
040 ## - CATALOGING SOURCE
- Original cataloging agency: NUST
- Transcribing agency: NUST
150 ## - HEADING--TOPICAL TERM
- Topical term or geographic name entry element: technical communication
670 ## - SOURCE DATA FOUND
- Source citation: Work cat.: (NUST)183049: Wright, Lawrence S. 100298, Drafting; technical communication /, Co. [1968]
